Регионална библиотека "Любен Каравелов" - Русе

Дълбини (Запис номер 496314)

MARC детайли
000 -Лидер
Контролно поле с фиксирана дължина 01249nam a2200301 a 4500
003 - Код на организацията, давaща контролен номер
Контролно поле BLK
005 - Дата и час на последна редакция
Контролно поле 20240402142004.0
008 - Елементи от данни с фиксирана дължина
fixed length control field 221114b bul|||||r ||||||| ||bul||
020 ## - Международен стандартен номер на книга ISBN
Международен стандартен номер на книга ISBN 9786191932900
040 ## - Източник на каталожния запис
Идентификатор на билиотеката - собственик на записа BLK
041 ## - Код за език
Код за езика на текст/звукозапис или на отделно заглавие Български
Код за езика КДБФ Български
080 ## - УДК
Текстов определител УДК Норвежка литература
УДК код - определител по УДК 821.113.5
УДК определител -93-34
УДК - код + определител 821.113.5-93-34
100 ## - Редна дума - Автор
Автор Хогтън, Стивън
Авторска отговорност първи автор
R(LIN) 489271
139 ## - Редно поле
Авторски знак Хо - Х 58
245 10 - Сведения за заглавието
Заглавие Дълбини
Подзаглавни данни История за любовта през поколенията
Редно поле (дума) Стивън Хогтън ; ил. Стивън Хогтън ; прев. Ина Димитрова
260 ## - Област на издателските данни
Място на издаване, разпространение и проч. София
Име на издателя, разпространителя и проч. Артлайн Студиос
Година на издаване 2023
9 (RLIN) 217678
Информация за издателството Студио Арт Лайн
Издателство - префикс ISBN 978-619-193- ; 978-954-2908-
300 ## - Физическа характеристика
Страници [32] с. : с цв. ил.
Размери/Мащаб 25х28 см
380 ## - Жанр
Жанр Детска худож. лит.
500 ## - Общи забележки
Забележка Ориг. загл., установено от доп. източник: Deep / Stephen Hogtun
700 ## - Други автори (авторска отговорност)
9 (RLIN) 480259
Лично име Димитрова, Ина Владиславова
Автороска отговорност (Описва отношението между автора и произведението) прев.
856 ## - Електронен адрес и достъп
Инструкция (цена за достъп) 0.00
Права за достъп disable
942 ## - АРТИКУЛИ
Вид на библиотечния материал Книги
Скрит в OPAC Не
Периодичен библиозапис Да
Koha issues (borrowed), all copies 8
944 ## - СЪЗДАВАНЕ И РЕДАКЦИЯ на ЗАПИСА
Дата на регистрацията/редакция Нора Радева
Служител, извършил регистрацията/редакцията 30531
Статус, дата на статуса Цветелина Шанова
999 ## - СИСТЕМНИ КОНТРОЛНИ НОМЕРА
Koha biblionumber 496314
Koha biblioitemnumber 496314
999 ## - СИСТЕМНИ КОНТРОЛНИ НОМЕРА
Koha biblioitemnumber 496314
999 ## - СИСТЕМНИ КОНТРОЛНИ НОМЕРА
Koha biblioitemnumber 480496
999 ## - СИСТЕМНИ КОНТРОЛНИ НОМЕРА
Koha biblioitemnumber 480496
999 ## - СИСТЕМНИ КОНТРОЛНИ НОМЕРА
Koha biblioitemnumber 480496
Наличности
Код за отписване Код за изгубен артикул Източник на класификационната схема Код за повреда Код за отдаване Артикулен № Име на библиотеката - собственик Име на библиотеката, в която се намира в момента Статус (Текущо местоположение) Дата на вписване в системата Местоположение - отдел Цена в лева Инвентарен номер Систематично азбучна сигнатура Баркод Цена в евро Служебен тип на артикула
  Не е изгубен Universal Decimal Classification Не е повреден заемане за дома 934649 Регионална библиотека "Любен Каравелов" Русе Регионална библиотека "Любен Каравелов" Русе Детски отдел 2023-10-19 Детски отдел 15.40 120000893815 821-93/Х 58 С 120000893815 7.87 Книги
Vip Innovations Ltd, Rousse, Bulgaria 2025